Guess The KPOP Maknae By Picture - Statistics

General Stats
  • This quiz has been taken 275 times
  • The average score is 11 of 16
Answer Stats
Picture Answer % Correct
Lisa
98%
IN
95%
Niki
94%
Jungkook
91%
Huening Kai
89%
Yuna
83%
Ningning
78%
Tzuyu
75%
Eunchae
74%
Dino
69%
Leeseo
59%
Yeri
45%
Sehun
44%
Yugyeom
26%
Taemin
18%
Sanha
17%
No matching quizzes found
Score Distribution
Percent of People with Each Score
Percentile by Number Answered
Your Score History
You have not taken this quiz